000 01215nam a2200313 i 4500
001 192117
003 ES-MaACL
005 20240127063016.0
008 221104s1991 sp | |||| ||spa
017 _aVA 455-1989
_bOficina Depósito Legal Valladolid
020 _a8440450958
040 _cES-MaACL
080 _a914.4+914.60 Camino de Santiago
080 _a7.046.3(460)
245 0 0 _aGuía del peregrino medieval :
_b("Codex Calixtinus") /
_cintroducción, traducción y notas por Millán Bravo Lozano.
250 _a9ª edición: febrero 1991
260 _aSahagún [León] :
_bCentro de Estudios del Camino de Santiago,
_c1991
300 _a166 p., [16] páginas de láminas (color) :
_bmapas
_e17 cm
500 _aÍndices
504 _aBibliografía: páginas 147-154.
650 4 _aArte religioso-
_zCamino de Santiago.
_9175727
651 4 _aCamino de Santiago-
_xDescripción.
_97931
700 1 _aBravo Lozano, Millán.
_931491
_epbl
710 2 _9234949
_aCentro de Estudios del Camino de Santiago
852 4 _aES-MaACL
_jN-8107
_bR. 152276
_cDEPOJ
_hDonación: Editorial
_9199399
942 _cMONOGRAFIA
_n0
999 _c192117
_d192117